书目信息 |
| 题名: |
洪波曲
|
|
| 作者: | 郭沫若 | |
| 分册: | ||
| 出版信息: | 天津 百花文艺出版社 1959 |
|
| 页数: | 211页 | |
| 开本: | 20cm | |
| 丛书名: | ||
| 单 册: | ||
| 中图分类: | I246.8 | |
| 科图分类: | ||
| 主题词: | 小说--中国 | |
| 电子资源: | ||
| ISBN: | ||
| 000 | 00463nam0 2200181 450 | |
| 001 | 0728815141 | |
| 005 | 20070819080015.14 | |
| 010 | @d¥0.57 | |
| 100 | @a20070819d km y0chiy0120 ea | |
| 101 | 0 | @achi |
| 200 | 1 | @a洪波曲@Ahong bo qu@f郭沫若@Fguo mo ruo |
| 210 | @a天津@c百花文艺出版社@d1959 | |
| 215 | @a211页@d20cm | |
| 606 | 0 | @a小说@x中国 |
| 690 | @aI246.8@v3 | |
| 701 | 0 | @a郭沫若@Aguo mo ruo |
| 801 | 0 | @aCN@bPFT@c20070819 |
| 905 | @a213230@dI246.8@eZW64@f1 | |
| 洪波曲/郭沫若.-天津:百花文艺出版社,1959 |
| 211页;20cm |
| ISBN :¥0.57 |
| ● |
| 相关链接 |
|
|
|
|
正题名:洪波曲
索取号:I246.8/ZW64
 
预约/预借
| 序号 | 登录号 | 条形码 | 馆藏地/架位号 | 状态 | 备注 |
| 1 | 7609364 | 276093647 | 密集书库-文学院/ [索取号:I246.8/ZW64] | 在馆 | |
| 2 | 7609365 | 276093656 | 密集书库-文学院/ [索取号:I246.8/ZW64] | 在馆 | |
| 3 | 7609366 | 276093665 | 密集书库-文学院/ [索取号:I246.8/ZW64] | 在馆 | |
| 4 | 7609367 | 276093674 | 密集书库-文学院/ [索取号:I246.8/ZW64] | 在馆 | |
| 5 | 7609368 | 276093683 | 密集书库-文学院/ [索取号:I246.8/ZW64] | 在馆 |